Statistics for Hamlet... or the Lion King?

Click here to take the quiz!

General Stats

  • This quiz has been taken 108 times
  • The average score is 20 of 25

Answer Stats

QuestionAnswer% Correct
The protagonist falls in love with a lioness.The Lion King
98%
The protagonist's friends teach him to eat insects.The Lion King
97%
Pride Rock is an important landmark.The Lion King
97%
Was written by Shakespeare.Hamlet
96%
Features talking animals.The Lion King
96%
Takes place in Denmark.Hamlet
95%
Consumed by revenge, the main character accidentally murders his love interest's father, causing her to lose her mind and eventually drown.Hamlet
95%
Its films have made more money at the box office.The Lion King
95%
Features the line, "To be, or not to be, that is the question...".Hamlet
92%
More characters die.Hamlet
92%
The main character dies.Hamlet
92%
There is a usurper of the throne.Both
91%
An advisor to the king holds a newborn prince over the edge of a cliff, so throngs of his new subjects can kneel in respect.The Lion King
91%
The protagonist's uncle is the villain.Both
90%
The protagonist kills several major characters.Hamlet
86%
Has a character named Hamlet.Hamlet
83%
Mark Kermode called the 2019 film adaptation "resplendent but pointless."The Lion King
79%
Features the line "Nants ingonyama bagithi baba".The Lion King
79%
At least one major plot point involves the ghost of the protagonist's father.Both
72%
The primary antagonist is killed by his own henchmen.The Lion King
68%
The protagonist is a child when his father is murdered.The Lion King
59%
Enjoys contemporary popularity on the stage.Both
58%
In one of the film adaptations, Rowan Atkinson (Mr. Bean) portrays an annoying moral guide for the protagonist.The Lion King
55%
A character named Horace the Clown provides clownish comic relief by shaking his behind at various female characters.Neither
39%
Won the Academy Award for Best Picture.Hamlet
8%

Score Distribution

Percentile by Number Answered

Percent of People with Each Score

Your Score History

You have not taken this quiz